Guess the Harry Styles song with no hints #11 - Statistics

General Stats
  • This quiz has been taken 106 times
  • The average score is 151 of 211
Answer Stats
Answer % Correct
a
100%
I
99%
you
97%
You
97%
be
93%
to
90%
And
87%
So
87%
the
87%
on
86%
my
84%
My
84%
in
80%
I'm
77%
can
75%
don't
74%
for
72%
know
71%
of
71%
want
71%
But
70%
fine
67%
her
67%
line
65%
Is
64%
We'll
64%
we'll
64%
(We'll
64%
never
62%
something
62%
got
61%
I'll
61%
at
59%
that
59%
alright
58%
alright)
58%
looking
58%
Put
58%
get
57%
Ooh,
57%
ooh
57%
buy
55%
emotion
55%
Oh
55%
You've
55%
hate
54%
man,
54%
price
54%
fight
52%
only
52%
sometimes
52%
devotion
51%
sleep
51%
this
49%
hand's
48%
way
48%
thinking
46%
drinks
43%
risk,
43%
things
43%
sunshine,
42%
try
42%
temptress
39%
dirt
38%
fold
38%
patience
38%
Test
38%
There's
38%
knowing
35%
soon
35%
open
33%
Spreading
33%
Crisp
26%
trepidation
25%
shake
23%
No matching quizzes found
Score Distribution
Percent of People with Each Score
Percentile by Number Answered
Your Score History
You have not taken this quiz